Ngôn ngữ AutoLISP dùng trong AutoCAD 2000
Sách giới thiệu về ngôn ngữ lập trình AutoLISP, được thiết kế để mở rộng và sử dụng tính năng AutoCAD.
Đã lưu trong:
| Príomhúdar: | |
|---|---|
| Formáid: | Leabhar |
| Teanga: | Undetermined |
| Foilsithe: |
Hà Nội
Thống Kê
2000
|
| Ábhair: | |
| Clibeanna: |
Cuir Clib Leis
Gan Chlibeanna, Bí ar an gcéad duine leis an taifead seo a chlibeáil!
|
| Thư viện lưu trữ: | Trung tâm Học liệu Trường Đại học Cần Thơ |
|---|
| LEADER | 00770nam a2200205Ia 4500 | ||
|---|---|---|---|
| 001 | CTU_37302 | ||
| 008 | 210402s9999 xx 000 0 und d | ||
| 020 | |b 45.000đ | ||
| 082 | |a 620.00420285 | ||
| 082 | |b M312 | ||
| 100 | |a Trần, Văn Minh | ||
| 245 | 0 | |a Ngôn ngữ AutoLISP dùng trong AutoCAD 2000 | |
| 245 | 0 | |c Trần Văn Minh | |
| 260 | |a Hà Nội | ||
| 260 | |b Thống Kê | ||
| 260 | |c 2000 | ||
| 520 | |a Sách giới thiệu về ngôn ngữ lập trình AutoLISP, được thiết kế để mở rộng và sử dụng tính năng AutoCAD. | ||
| 650 | |a Autolisp ( computer program language ),Computer-aided design | ||
| 904 | |i Minh, 000706 | ||
| 980 | |a Trung tâm Học liệu Trường Đại học Cần Thơ | ||